| 000 | 00551nam a2200193 a 4500 | ||
|---|---|---|---|
| 005 | 20240803063736.0 | ||
| 008 | 991125s1971 bar 000 0 spa u | ||
| 035 | _aUPN01000026180 | ||
| 049 | _aCG | ||
| 050 | 4 |
_aPQ6613 R68 _bG4 |
|
| 100 | 1 |
_aGrosso, Alfonso, _d1928- |
|
| 245 | 1 | 0 |
_aGerminal y otros relatos / _cAlfonso Grosso |
| 260 |
_aBarcelona (Esp.) : _bSeix Barral, _c1971 |
||
| 300 | _a135 p | ||
| 440 | 0 |
_aBiblioteca breve de bolsillo. Libros de enlace; _v96 |
|
| 650 | 4 |
_aNovela espaƱola _910814 |
|
| 904 |
_aAC _b026181 |
||
| 905 | _aLibro | ||
| 999 |
_c26180 _d26180 |
||